| 000 | 00000nas 2200000za 4500 |
| 001 | 9.502152 |
| 003 | CaOODSP |
| 005 | 20240111121123 |
| 007 | cr ||||||||||| |
| 008 | 150406c20109999oncar p o||||f0 |0fre|d |
| 040 | |aCaOODSP|bfre |
| 043 | |an-cn--- |
| 086 | 1 |aHP2-17F-PDF |
| 245 | 00|aRapport annuel ... sur la Loi sur la protection des renseignements personnels. |
| 246 | 33|aAgence de la santé publique du Canada, Loi sur la protection des renseignements personnels, rapport annuel ... |
| 264 | 1|a[Ottawa] : |bAgence de santé publique du Canada,|c2011- |
| 310 | |aAnnuel |
| 362 | 1 |aParaît depuis : 2010/2011. |
| 500 | |aPublié aussi en anglais sous le titre : ... annual report on the Privacy Act. |
| 520 | 3 |aVise à décrire comment l’Agence s’est acquittée de ses responsabilités en vertu de la Loi sur la protection des renseignement personnels au cours de l’exercice. |
| 710 | 2 |aAgence de santé publique du Canada, |eorganisme de publication. |
| 775 | 08|t... annual report on the Privacy Act|w(CaOODSP)9.505747 |
| 776 | 0#|tPublic Health Agency of Canada annual report on the Privacy Act |w(CaOODSP)9.511688 |
| 776 | 0#|tAgence de la santé publique du Canada, rapport annuel sur la Loi sur la protection des renseignements personnels |w(CaOODSP)9.511689 |